000 00790nam a2200241Ia 4500
003 OSt
005 20220923212723.0
006 a|||||r|||| 00| 0
007 ta
008 220922b |||||||| |||| 00| 0 hin d
024 _a155,604
037 _cTextual
040 _aARTS
_cARTS
_bhin
041 _2hin
_ahin
082 _aO15,2D66,2, 152M0
100 _aहर्षदेव
_9156280
245 0 _aनागान्न्द, अनु देवर्षि सनाद्रन
246 _aNāgānnda, anu0 devarṣhi sanādrana
260 _aअलीगढ़
_b भारत प्रकाशन मन्दिर
_c1980
300 _a36 पृ.
_ccm.
942 _hO15,2D66,2, 152M0
_cTEXL
_2CC
999 _c311084
_d311084